000 01010nac a22002897a 4500
001 BR9400252
003 BR-BrBNA
005 20240105121511.0
008 230509b bl.|||m| |||| 00| 0 por d
040 _aBR-BrBNA
_bpor
_cBiblioteca Nacional de Agricultura
072 _aL01
090 _a5300 BR9400252
100 1 _aPerdomo, C.C.
100 1 _aFreitas, A.R. de
100 1 _aZaffalon, J.C.
100 1 _aOliveira, P.A.V. de
110 1 _aCentro Nacional de Pesquisa de Suinos e Aves, Concordia, SC (Brasil)
245 1 _aEfeito de diferentes taxas de renovacao do ar no desempenho de leitoes e no acondicionamento ambiental da maternidade
260 3 _aConcordia, SC (Brasil):
_c1988.
300 _a5 p.
490 _aComunicado Tecnico - Centro Nacional de Pesquisa de Suinos e Aves (Brazil)
_vno. 131
_xISSN 0100-8862
650 _aLeitao
650 _aInstalacao para Animal
650 _aCondicao Ambiental
909 _a202312
_bLúcia Elande
_c55
_dLúcia Elande
942 _2AGRIS
_n0
_cMS
999 _c285654
_d285654